| 000 | 00749nam a2200205 a 4500 | ||
|---|---|---|---|
| 001 | 000027334 | ||
| 005 | 20240305090859.0 | ||
| 008 | 110331s1960 dr ac r 000 0 spa d | ||
| 040 |
_aDO-SdBNP _bspa _cBNPHU |
||
| 082 |
_a972.93 _bV496e |
||
| 100 | 1 |
_aVerges, Pedro, _d1945- _912149 |
|
| 245 | 1 | 0 |
_aEfemérides dominicanas : _benero / _cPedro L. Vergés Vidal. |
| 260 |
_aCiudad Trujillo, República Dominicana : _bEditora del Caribe, _c1960. |
||
| 300 |
_av. : _bil., retrs. ; _c21 cm. |
||
| 500 | _aIncluye índice personas, materias, libros, periódicos y Geográfico. | ||
| 500 | _aLa biblioteca sólo posee el volumen 1. | ||
| 590 | _aInventariado, 2018/LP | ||
| 651 | 4 |
_aRepública Dominicana _xHistoria _9170 |
|
| 910 | _aInventariado, 2018/MFF | ||
| 999 |
_c26826 _d26826 |
||